Bacon's essays with introduction, notes and index
Saved in:
| 主要作者: | |
|---|---|
| 格式: | 圖書 |
| 語言: | 英语 |
| 出版: |
Londres
Longmans
1878
|
| 版: | 3a. ed |
| 叢編: | London Series of English Classics
|
| 主題: | |
| 標簽: |
添加標簽
沒有標簽, 成為第一個標記此記錄!
|
MARC
| LEADER | 00000cam a2200000 a 4500 | ||
|---|---|---|---|
| 001 | UCG2689 | ||
| 003 | CL-VaPUC | ||
| 008 | 100715e18780000uk |||||||||||||||||eng|d | ||
| 082 | 0 | 4 | |a 921.2 |b ABB |2 21 |
| 100 | 0 | |a Abbott, Edwin A |e author |9 551227 | |
| 245 | 1 | 0 | |a Bacon's essays with introduction, notes and index |
| 250 | |a 3a. ed | ||
| 300 | |a v | ||
| 942 | |c BK | ||
| 945 | |d 20100715 00:00:00 |a mfarfan | ||
| 260 | |a Londres |b Longmans |c 1878 | ||
| 600 | 0 | 7 | |a FRANCIS BACON |2 CL-VaPUC |9 551228 |
| 650 | 0 | |a Biografías |9 255210 | |
| 650 | 0 | |a Filósofos ingleses |9 345975 | |
| 583 | |a last modification |c 20140116 04:27:48 |k Rodrigo Vera | ||
| 490 | 0 | |a London Series of English Classics | |
| 999 | |c 341819 |d 341817 | ||
| 952 | |0 0 |1 0 |4 0 |6 921_200000000000000_ABB_1878 |7 0 |8 X |9 437583 |a FDOBUD |b FDOBUD |d 2019-11-22 |h v.1 |i 468592K |o 921.2 ABB 1878 |p 468592K |r 2019-11-22 |w 2019-11-22 |y BK_X |k BUD | ||
| 952 | |0 0 |1 0 |3 erd |4 0 |6 921_200000000000000_ABB_1878 |7 0 |8 X |9 437584 |a FDOBUD |b FDOBUD |h v.2 |i 503471K |o 921.2 ABB 1878 |p 503471K |r 2019-11-22 |w 2019-11-22 |y BK_X |z Catalogado en:20140116 |k BUD | ||